| 000 | 00632nam a2200229 a 4500 | ||
|---|---|---|---|
| 001 | BRCA_8114 | ||
| 005 | 20190320210134.0 | ||
| 008 | 090414s1965----nyua###f##---#000-0#eng-# | ||
| 041 | _aeng | ||
| 044 | _anyu | ||
| 050 | 4 |
_aN620 _b.F75 _c1965 |
|
| 245 | 1 | 0 |
_aThe Frick collection _bpaintings. |
| 260 |
_aNew York _bSpiral Press _c1965 |
||
| 300 |
_a74 p. _bil., 41 láminas _c20 cm. |
||
| 500 | _aY167 | ||
| 600 | 1 | 4 |
_aFrick, Henry Clay _919464 |
| 650 | 1 | 4 |
_aPintura _vCatálogos _913336 |
| 650 | 1 | 4 |
_aPintura _vColeccionistas y colecciones _916189 |
| 710 | 2 |
_aFrick Collection (New York) _920200 |
|
| 902 | _aGFM | ||
| 942 |
_2lcc _cB |
||
| 999 |
_c7782 _d7782 |
||